Представление документа в формате RUSMARC

ПолеНазваниеЗначение
  Тип записи a
  Библиографический уровень a
001 Контрольный номер RU/CBS_UL/BASE/f65075db820f44949cfa6a2d76d47505
005 Дата корректировки 20240221151946.5
100 Данные общей обработки __
a Данные общей обработки 20240221 ||| 0rusy0189 ca
101 Язык документа 0_
a Язык текста rus
102 Страна публикации __
a Страна публикации RU
200 Заглавие и сведения об ответственности 1_
a Заглавие Опыт работы по развитию мелкой моторики рук у детей с ЗПР в условиях ДОО
e Сведения, относящиеся к заглавию [из опыта работы с детьми с задержкой психического развития в дошкольных образовательных организациях]
f Первые сведения об ответственности М. Стенковская
300 Общие примечания __
a Общие примечания 0+
461 Уровень набора _0
1 2000
a Дошкольная педагогика
463 Уровень физической единицы _0
1 2000
a № 7
v С. 25-27
1 2101
d 2023
1 001RU/CBS_UL/BASE/9d3264cff33c402f871bcb8646961b0c
606 Тематические рубрики 0_
a Основная рубрика Дошкольное воспитание - Коррекционная педагогика
610 Ключевые слова 0_
a Ключевые слова дошкольная педагогика
610 Ключевые слова 0_
a Ключевые слова дошкольное воспитание
610 Ключевые слова 0_
a Ключевые слова коррекционная педагогика
610 Ключевые слова 0_
a Ключевые слова дети с ограниченными возможностями здоровья
610 Ключевые слова 0_
a Ключевые слова задержка психического развития
610 Ключевые слова 0_
a Ключевые слова мелкая моторика рук у детей
686 Индексы других классификаций __
2 Код системы rubbk
a Классификационный индекс 74.1
700 Автор _1
a Фамилия Стенковская
b Имя (инициалы) М.
801 Источник записи _0
a Страна RU
b Организация МБУК ЦБС г. Ульяновска
c Дата составления 20240221
g Правила каталогизации RCR
801 Источник записи _1
a Страна RU
b Организация МБУК ЦБС г. Ульяновска
c Дата составления 20240221
g Правила каталогизации RCR
901 Тип документа __
t Тип документа b
w Контрольный № источника RU/CBS_UL/BASE/9d3264cff33c402f871bcb8646961b0c